Fr. Conceicao Rodrigues College of Engineering

Probability and Random Processes (Record no. 28618)

MARC details
000 -LEADER
fixed length control field 00303nam a2200133Ia 4500
082 ## - DEWEY DECIMAL CLASSIFICATION NUMBER
Classification number 519.2/KUM
Item number KUM
100 ## - MAIN ENTRY--PERSONAL NAME
Personal name Kumbhojkar / G.V
245 ## - TITLE STATEMENT
Title Probability and Random Processes
260 ## - PUBLICATION, DISTRIBUTION, ETC.
Name of publisher, distributor, etc. C.Jamnadas&co.
Place of publication, distribution, etc. Pune
Date of publication, distribution, etc. 2007
300 ## - PHYSICAL DESCRIPTION
Extent 158
546 ## - LANGUAGE NOTE
Language note ENGLISH
654 ## - SUBJECT ADDED ENTRY--FACETED TOPICAL TERMS
Focus term probability
942 ## - ADDED ENTRY ELEMENTS (KOHA)
Koha item type BOOK
Holdings
Withdrawn status Lost status Damaged status Not for loan Collection Home library Current library Shelving location Date acquired Total Checkouts Full call number Barcode Date last seen Price effective from Koha item type
        CRC Fr. Agnel's C.Rodrigues College of Engineering Fr. Agnel's C.Rodrigues College of Engineering   17/03/2023   519.2/KUM KUM 17354 17/03/2023 17/03/2023 BOOK